Medidas básicas de prevención para los padres.

Guardado en:
Detalles Bibliográficos
Autor corporativo: México. Secretaría de Educación Pública
Formato: Libro
Idioma:Español
Temas:
Acceso en línea:Ver documento en línea
Etiquetas: Agrega una etiqueta
Sin etiquetas, Sé el primero en etiquetar este registro!

MARC

LEADER 00000nam^a2200000^u^4500
001 000515413
005 20260512000000.0
008 101029s1000^^^^^^^^^^^^r^^^^^000^0^spa^d
009 20260512123539.318
035 |a FCE 000059628 
037 |a Acervo ITESO - Biblioteca 
041 |a spa 
095 |a 368 
110 |a México. Secretaría de Educación Pública 
245 1 0 |a Medidas básicas de prevención para los padres. 
246 2 |a También se conoce como ¡Juntos hacemos una escuela segura! 
264 |a México:  |b SEP: SSP: SNTE,  |c [2008?] 
300 |a 32 p. 
336 |a texto  |b txt  |2 rdacontenido 
337 |a sin mediación  |b n  |2 rdamedio 
338 |a volumen  |b nc  |2 rdasoporte 
596 |a Archivo en formato PDF. 
596 |a Forma de Acceso: Internet vía la World Wide Web. 
596 |a Requerimientos del sistema. Internet connectivity, World Wide Web browser. 
649 |a XX 
650 |a Seguridad social 
650 |a Seguridad pública 
650 |a Recomendaciones 
650 |a Medidas de prevención 
650 |a Violencia entre iguales 
856 4 0 |u https://basica.sep.gob.mx/escuelasegura/pdf/MatInfo/SeguridadPadres.pdf  |y Ver documento en línea 
910 |a Fondo Centro de Estudios Educativos 
920 |a Impresos - Libros 
930 |a Fondos Especiales 
905 |a 133 
902 |a https://opac.biblio.iteso.mx/vufind/Record/000515413